000 00273nam a2200133Ia 4500
100 _aRatan.S.S
942 _cBK
366 _f15
654 _aTheory
245 _aTheory of Machines
260 _bTata Mc Graw hill
_aNew Delhi
_c1995
300 _a686
546 _aENGLISH
999 _c21647
_d21647